000
00263nam a22001217a 4500
008
181025b xxu||||| |||| 00| 0 eng d
041
_a
eng
080
_2
2nd
_a
530
100
_a
43
101
_a
FIZ
245
_a
College Physics
_c
Freedman,R.A
942
_2
udc
_c
BK
999
_c
50904
_d
50904